000 00364nam a2200109Ia 4500
008 200302s9999 xx 000 0 und d
100 _aChristopher Alexander
245 _aThe Nature of order an essay on the art of building and the nature of the univese the Luminous Ground Vol 4
260 _bThe center for environmental structure
260 _c2004
300 _a356
999 _c6817
_d6817